| 000 | 00402cam a2200181 4500 | ||
|---|---|---|---|
| 001 | D14498 | ||
| 008 | 090401t1908 xxu||||| |||| 00| 0 eng d | ||
| 035 | _a(Sirsi) u16067 | ||
| 041 | _aeng | ||
| 100 | _aWilson, Herbert M | ||
| 245 | _aTopographic surveying | ||
| 250 | _a3rd | ||
| 260 |
_aNew York _bJohn Wiley _c1908 |
||
| 350 | _a0 | ||
| 520 | _aShelf 137 | ||
| 942 | _n0 | ||
| 948 | _c04/03/1997 | ||
| 999 |
_c87360 _d87360 |
||